Điện động lực học
Zapisane w:
| 1. autor: | |
|---|---|
| Format: | Książka |
| Język: | Vietnamese |
| Wydane: |
Đại học Quốc gia Hà Nội
1998
|
| Etykiety: |
Dodaj etykietę
Nie ma etykietki, Dołącz pierwszą etykiete!
|
| Thư viện lưu trữ: | Mạng thư viện Đại học Đà Nẵng |
|---|
| LEADER | 00643nam a2200253 4500 | ||
|---|---|---|---|
| 001 | 000021676 | ||
| 003 | 18124 | ||
| 005 | 20150422150459.0 | ||
| 008 | 150422s1998 viesd | ||
| 020 | |c 00 | ||
| 041 | 0 | |a vie | |
| 082 | 1 | 4 | |a 537,1 |b NG-T |
| 100 | 1 | |a Nguyễn Phúc Thuần | |
| 245 | 1 | 0 | |a Điện động lực học |c Nguyễn Phúc Thuần |
| 260 | |b Đại học Quốc gia Hà Nội |c 1998 | ||
| 300 | |a tr. |c cm. | ||
| OWN | |a LSP | ||
| 999 | |a From the UDN01 | ||
| TYP | |a Monograph | ||
| TYP | |a Printed language | ||
| 980 | |a Mạng thư viện Đại học Đà Nẵng | ||